| 000 | 00448nam a2200169 4500 | ||
|---|---|---|---|
| 003 | SEACOMMC | ||
| 005 | 20250429153109.0 | ||
| 008 | 250101b |||||||| |||| 00| 0 eng d | ||
| 020 |
_a81-2591-533-8 _cRs.125.00 |
||
| 040 | _aSEACOMMC | ||
| 082 |
_a428.2 _bC 489 |
||
| 100 | _a Chaudhary, Shreesh | ||
| 245 | 1 |
_aBetter Spoken English _cShreesh Chaudhary |
|
| 260 |
_a New Delhi _b Vikas Publishing House _c 2004 |
||
| 650 | _aEnglish | ||
| 942 | _cBOOK | ||
| 999 |
_c963 _d963 |
||